000 00415nam a2200169Ia 4500
001 33070
003 IN-NITTTR
005 20251114233431.0
008 251113s9999||||xx |||||||||||||| ||eng||
040 _beng
040 _cIN-NITTTR
041 _aeng
082 _aQA76.87 .R4813 2005eb
100 _aDreyfus, G.
245 0 _aNeural Networks :
_b Methodology and Applications /
_cDreyfus, G.
942 _2ddc
_cBK
999 _c35144
_d35144